Tile Select - Landmarks To Continents - Statistics

General Stats
  • This quiz has been taken 13 times
  • The average score is 42 of 45
Answer Stats
Question Tile Select % Correct
landmarks which are in North America Buckingham Palace No
100%
landmarks which are in Africa Burj Khalifa No
100%
landmarks which are in South America Christ the Redeemer Yes
100%
landmarks which are in North America CN Tower Yes
100%
landmarks which are in North America Easter Island No
100%
landmarks which are in Europe Eiffel Tower Yes
100%
landmarks which are in Europe Empire State Building No
100%
landmarks which are in North America Golden Gate Bridge Yes
100%
landmarks which are in Africa Great Pyramid of Giza Yes
100%
landmarks which are in Africa Great Sphinx Yes
100%
landmarks which are in South America Hagia Sophia No
100%
landmarks which are in South America Machu Picchu Yes
100%
landmarks which are in Europe Merlion Park No
100%
landmarks which are in Europe Mont Blanc Yes
100%
landmarks which are in South America Mount Fuji No
100%
landmarks which are in North America Mount Rushmore Yes
100%
landmarks which are in Africa Niagara Falls No
100%
landmarks which are in Europe Petra No
100%
landmarks which are in Asia Serengeti National Park No
100%
landmarks which are in Europe Statue of Liberty No
100%
landmarks which are in North America Stonehenge No
100%
landmarks which are in Asia Sydney Opera House No
100%
landmarks which are in Africa Taj Mahal No
100%
landmarks which are in Asia The Great Wall Yes
100%
landmarks which are in South America Tierra del Fuego National Park Yes
100%
landmarks which are in Asia Colosseum No
92%
landmarks which are in North America Grand Canyon Yes
92%
landmarks which are in Europe Leaning Tower of Pisa Yes
92%
landmarks which are in North America Monte Carlo Casino No
92%
landmarks which are in Asia Mount Everest Yes
92%
landmarks which are in South America Sagrada Familia No
92%
landmarks which are in South America Saint Basil's Cathedral No
92%
landmarks which are in Asia St. Peter's Basilica No
92%
landmarks which are in Europe The Acropolis Yes
92%
landmarks which are in Asia Angkor Wat Yes
83%
landmarks which are in Africa Blue Mosque No
83%
landmarks which are in Europe Brandenburg Gate Yes
83%
landmarks which are in Africa Cape of Good Hope Yes
83%
landmarks which are in Asia Kinkakuji Yes
83%
landmarks which are in South America La Mano Yes
83%
landmarks which are in Africa Mount Kilimanjaro Yes
83%
landmarks which are in Asia Dome of the Rock Yes
75%
landmarks which are in South America Galápagos Islands Yes
75%
landmarks which are in Africa Victoria Falls Yes
75%
landmarks which are in North America Chichen Itza Yes
67%
No matching quizzes found
Score Distribution
Percent of People with Each Score
Percentile by Number Answered
Your Score History
You have not taken this quiz